| 000 | 00722cab a2200217 4500 | ||
|---|---|---|---|
| 001 | WB3342-10 | ||
| 008 | 090401t1997 xxu||||| |||| 00| 0 eng d | ||
| 035 | _a(Sirsi) u81728 | ||
| 041 | _aeng | ||
| 245 | _aIndustrial property rise | ||
| 260 | _c1997 | ||
| 350 | _a0 | ||
| 490 |
_aDaily Telegraph _v27 October 1997, 27(1) |
||
| 520 | _aThere is a demand for industrial property, with less available space on the market and increased take-up, according to the latest survey Industrial Floorspace from King Sturge. | ||
| 650 | _aINDUSTRIAL SPACE | ||
| 650 | _aKING STURGE | ||
| 650 | _aSUPPLY AND DEMAND | ||
| 690 | _aPROPERTY-COMMERCIAL PROPERTY-COMMERCIAL PROPERTY MARKET | ||
| 942 | _n0 | ||
| 948 | _c28/10/1997 | ||
| 999 |
_c51528 _d51528 |
||